000
00337nam a22001457a 4500
999
_c
478239
_d
478239
003
NUST
005
20180425050554.0
008
180425b ||||| |||| 00| 0 eng d
082
_a
330.9 GOL
100
_4
Claudia Goldin
245
_a
Handbook of cliometrics, Human Capital
260
_a
UK
_c
2014
300
_a
40p
942
_2
ddc
_c
CS